000 00576nam a2200229Ia 4500
003 OSt
005 20221005130753.0
006 a|||||r|||| 00| 0
007 ta
008 221004b |||||||| |||| 00| 0 kan d
024 _a59954
037 _cTextual
040 _aCRL
_cCRL
_bkan
041 _2kan
_akan
082 _aO33,3NBA,3, J8
100 _aBallah Vyasarao Au.
_9638639
245 0 _aSampiyeya huru
260 _c1958
650 _aKANNAD FICTION
942 _hO33,3NBA,3, J8
_cTEXL
_2cc
999 _c1058364
_d1058364